00374nam a2200121Ia 45000010005000000080041000050820027000461000034000732450079001072600024001869010027002109990015002372407241024s9999 xx 000 0 und d aRD/371.71/R426p/2011/1 aRepública Dominicana.MINERD 0aEscuela de Directores: Programa de Certificación en Gestión de Calidad bSanto Domingoc2011 a28/8/2012 2:19:24 p.m. c8814d8814